The Greatest Show - The Greatest Showman Ensemble - All Lyrics - Statistics

General Stats
  • This quiz has been taken 219 times
  • The average score is 489 of 605
Answer Stats
Answer % Correct
is
99%
is)
99%
the
99%
(The
99%
this
99%
(This
99%
This
99%
a
97%
greatest
97%
greatest)
97%
show
97%
show)
97%
an
96%
(Oh)
96%
Oh,
96%
(Oh,
96%
Woah
96%
ya
96%
you
96%
you,
96%
and
95%
And
95%
it,
92%
it
92%
do
89%
for
89%
be)
87%
be
87%
come
86%
come,
86%
moment
86%
moment,
86%
moment)
86%
that's
86%
in
85%
it's
85%
It's
85%
(It's
85%
can't
83%
Ladies
83%
Where
83%
where
83%
light
81%
We
81%
we
81%
what
81%
you've
80%
comin'
79%
comin')
79%
gents,
79%
now
79%
Takin'
79%
takin'
79%
your
79%
Your
79%
all
78%
All
78%
us
78%
down
77%
over
77%
so
77%
wanna
76%
won't
76%
Don't
75%
don't
75%
(Don't
75%
stop
74%
that
74%
up,
73%
at
72%
comes
72%
fight
72%
go?
72%
go
72%
me,
72%
true,
72%
true
72%
waited
72%
of
70%
night
69%
are
68%
ever
68%
want
68%
want)
68%
here
67%
runnin'
67%
every
66%
Impossible
66%
impossible
66%
through
66%
behind
65%
everything
64%
need
64%
left
63%
right
63%
lights
62%
sun
62%
after
61%
breath,
61%
see
61%
floor
60%
mind
60%
runaways
60%
front
59%
tell
59%
Watchin'
59%
fire,
58%
ignore
58%
dark,
57%
know,
57%
know
57%
care
56%
colored
56%
ache
54%
bones,
54%
dream,
54%
freedom,
54%
only
54%
real
54%
there's
54%
There's
54%
was
54%
get
53%
covered
52%
you're
51%
Been
50%
feel
50%
stealin'
50%
sweat
49%
Just
48%
searchin'
48%
wall
46%
soakin'
45%
buried
44%
closer?
44%
feelin'
44%
gettin'
44%
open
44%
'cause
42%
'Cause
42%
circus
42%
intoxicatin'
42%
fever
41%
somethin'
41%
lost
40%
renegades
39%
found
38%
surrender
38%
Colossal
37%
ring
36%
these
36%
walls
36%
blind
35%
crown
34%
holdin'
33%
outshinin'
33%
(Shinin',
33%
shinin')
33%
breakin'
32%
devotion
32%
pulpit
32%
floodin'
31%
preacher
31%
'em
28%
brick
27%
kings
27%
blindin',
25%
anything
17%
No matching quizzes found
Score Distribution
Percent of People with Each Score
Percentile by Number Answered
Your Score History
You have not taken this quiz